00333nam a2200121Ia 4500008004100000041000800041082001400049100002200063245005500085260003500140300002900175365000700204240624s9999 xx 000 0 und d aeng a004.6 CIS aCISCO SYSTEMS INC aCISCO NETWORKING ACADEMY PROGRAM FUNDAMENTALS OF W c2004aDelhibPearson Education axxviii, : 848 : cm. ; 24 cRS